000 00419nam a2200181Ia 4500
001 4694
005 20260306145814.0
008 260306t2010||||xx |||||||||||||| ||spa||
041 _aESP
082 _a330
_bS19 2010
100 _aSamuelson, Paul A.
_eAUT
245 0 _aEconomía con aplicaciones a Latinoamérica
260 _c2010
300 _a
_c
650 _aGEN
654 _aCAN
942 _cLIB
_dJUS
_fJUS
_2ddc
_n
999 _c4694
_d4694